000 00908cam a2200265 a 4500
001 16937079
005 20140929140505.0
008 110826s2011 caua b 000 0 eng
010 _a 2011034880
020 _a9781452217376 (pbk. : alk. paper)
040 _aDLC
_cDLC
_dDLC
050 0 0 _aLC 1201
_b.In37 2011
082 0 0 _a371.9/046
245 0 4 _aInclusive practices /
_cToby J. Karten, editor.
260 _aThousand Oaks, Calif. :
_bCorwin Press,
_cc2011.
300 _axx, 186 pages :
_billustrations ;
_c26 cm.
490 0 _aThe best of Corwin
504 _aIncludes bibliographical references (p. 175-186).
650 0 _aInclusive education
_zUnited States.
700 1 _aKarten, Toby J.
710 2 _aCorwin (Firm)
906 _a7
_bcbc
_corignew
_d1
_eecip
_f20
_gy-gencatlg
942 _2lcc
_cBK
_kFOR
999 _c275936
_d275936